MARC

LEADER 00000nam0a2200000 4500
001 296058
005 20231102000853.0
020 |a RU  |b 84-42004 
035 |a (RuTPU)RU\TPU\book\321151 
090 |a 296058 
100 |a 20150527d1983 k y0rusy5003 ca 
101 0 |a rus 
102 |a UA 
105 |a y z 001zy 
200 1 |a Линейная алгебра и теория представлений  |e сборник научных трудов  |f Академия наук Украинской ССР (АН УССР), Институт математики ; под ред. Ю. А. Митропольского 
210 |a Киев  |c Изд-во ИМ АН УССР  |d 1983 
215 |a 143 с.  |c ил. 
320 |a Библиография в конце статей 
606 1 |a Линейная алгебра  |2 stltpush  |3 (RuTPU)RU\TPU\subj\40174  |9 60039 
610 1 |a представлений теория 
610 1 |a матричные задачи 
610 1 |a упорядоченные множества 
610 1 |a строение 
610 1 |a конечный рост 
610 1 |a группы 
610 1 |a ортогональные представления 
610 1 |a орсхемы 
610 1 |a квадратичные формы 
675 |a 512.64  |z rus  |v 3 
702 1 |a Митропольский  |b Ю. А.  |g Юрий Алексеевич  |4 340 
712 0 2 |a Академия наук Украинской ССР (АН УССР)  |b Институт математики  |2 stltpush  |3 (RuTPU)RU\TPU\col\11281 
801 0 |a RU  |b RuMRKP  |c 19950704  |g psbo 
801 1 |a RU  |b 63413507  |c 20150527 
801 2 |a RU  |b 63413507  |c 20180528  |g RCR 
942 |c BK